000 00361nam a22001457a 4500
020 _a9788170357490
082 _a628.11
_bKHA/WA
100 _aKhanna, D.R
_9338
245 _aWater and wastewater management, Vol.1
260 _aDelhi
_bDaya Publishing House
_c2011
300 _a342
700 _aBhutiani, R
_9339
700 _aMatta, Gagan
_9340
942 _cBK
999 _c13695
_d13695